Statistiques concernant Harry Potter - quizz en français

Cliquez ici pour prendre le quiz!

Statistiques générales

  • Ce quiz a été pris 13,590 fois
    (7,967 depuis la dernière actualisation)
  • Le résultat moyen est 72 sur 144

Statistiques - réponses

Hint Answer % Correct
Prénom du professeur McGonagallMinerva
97%
Prénom du professeur LupinRémus
93%
Nom de famille de BellatrixLestrange
91%
Prénom du professeur OmbrageDolores
91%
Nom de famille de ChoChang
90%
Nom de famille de SeverusRogue
89%
Nom de famille de SiriusBlack
89%
Nom de famille de FleurDelacour
89%
Prénom de HagridRubeus
87%
Nom de famille de ViktorKrum
86%
Nom de famille de NevilleLondubat
86%
Prénom de Maugrey "Fol Oeil"Alastor
85%
Vrai nom de Lord VoldemortTom Jedusor
83%
Nom de famille de CédricDiggory
81%
Prénom du professeur LockhartGilderoy
80%
Nom de la chouette de HarryHedwige
80%
Nom de l'hippogriffe d'HagridBuck
78%
Prénom du professeur SlughornHorace
76%
Animagus de SiriusChien
75%
Patronus de Harry et James PotterCerf
75%
Patronus de RonJack Russel Terrier
75%
Prénom de TonksNymphadora
75%
Animagus de McGonagallChat
74%
Cours enseignés par le professeur ChouraveBotanique
73%
Nom de rat de RonCroûtard
73%
Cours enseignés par le professeur McGonagallMétamorphose
73%
Sortilège impardonnable causant la mortAvada Kedavra
73%
Cours enseignés par le professeur BibineVol
73%
Prénom du professeur TrelawneySibylle
73%
Nom du chat d'HermionePattenrond
72%
Cours enseignés par le professeur SlughornPotions
72%
Père de Drago MalefoyLucius Malefoy
72%
Poste occupé par Mme PomfreshInfirmière
72%
Nom de famille de BathildaTourdesac
72%
Patronus de Lily Potter et Severus RogueBiche
71%
Nom de famille de RitaSkeeter
71%
Animagus de PettigrowRat
70%
Cours enseignés par le professeur TrelawneyDivination
70%
Métier des parents d'HermioneDentistes
69%
Mère de Drago MalefoyNarcissa Malefoy
68%
Dernière matière enseignée par RogueDéfense contre les forces du mal
68%
Prénom du professeur FlitwickFilius
68%
Sort permettant d'allumer la lumière au bout de sa baguetteLumos
67%
Nom de famille MondingusFletcher
67%
Nom de famille de KatieBell
66%
Prison des sorciersAzkaban
65%
Nom de famille de PeterPettigrow
65%
Nom de famille de LeeJordan
64%
Nom de famille de IgorKarkaroff
64%
Patronus de HermioneLoutre
64%
Prénom de RusardArgus
64%
Sortilège impardonnable permettant de torturerDoloris
63%
Nom du chien à 3 têtes d'HagridTouffu
61%
Créatures gardant la prison des sorciersDétraqueurs
61%
Cours enseignés par le professeur FlitwickSortilèges
61%
Nombre de jours dans une équipe de Quidditch7
59%
Fantôme de GriffondorNick quasi-sans-tête
59%
Sortilège impardonnable permettant de contrôler les personnesImperium
59%
Père de Luna LovegoodXenophilius Lovegood
58%
Potion permettant de passer un moment très chanceuxFelix Felicis
58%
Nom de famille de SeamusFinnigan
57%
Nom de crapaud de NevilleTrevor
56%
Premier poste occupé par HagridGarde chasse
55%
Fantôme de SerpentardLe baron Sanglant
55%
Potion permettant de prendre une autre apparencePolynectar
55%
Esprit frappeur de l'école PoudlardPeeves
55%
Frère du professeur DumbledoreAbelforth
55%
Soeur du professeur DumbledoreAriana
55%
Cours enseignés par le professeur BinnsHistoire de la magie
54%
Horcruxe 7Harry Potter
53%
Seul centaure professeur à PoudlardFirenze
53%
Horcruxe 6Nagini
53%
Sort permettant de faire léviter des objetsWingardium Leviosa
52%
Ecole de Magie française (Dir. : O.Maxime)Beauxbâtons
52%
Nom du géant, demi-frère d'HagridGraup
52%
Métier de TonksAuror
51%
Nom du chien d'HagridCrockdur
51%
Seul fantôme professeur à PoudlardBinns
50%
Horcruxe 1Journal intime de Jedusoe
49%
Potion permettant de faire dire la véritéVéritaserum
49%
Sort permettant d'attirer un objetAccio
49%
Horcruxe 5Diadème de Serdaigle
48%
Patronus de GinnyCheval
48%
Nom de famille de PompomPomfresh
48%
Fantôme de SerdaigleLa dame grise
47%
Patronus de DumbledorePhenix
47%
Horcruxe 4Coupe de Poufsouffle
47%
Sort permettant de réparer un objetReparo
47%
Horcruxe 2Bague des Gaunt
46%
Adresse des Dursley4 privet drive, Little Whinging
46%
Patronus de LunaLièvre
45%
Sort permettant d'éteindre la lumière au bout de sa baguetteNox
45%
Horcruxe 3Médaillon de Serpentard
43%
Cours enseignés par le prfesseur Gobe-PlancheSoins aux créatures magiques
43%
Sort permettant de désarmer quelqu'unExpelliarmus
42%
Nom de la gare du Poudlard ExpressKing's cross, voie 9 3/4
42%
Ecole de Magie (Directeur : Karkaroff)Durmstrang
41%
Fantôme de PoufsouffleLe moine gras
40%
Cours enseignés par le professeur SinistraAstronomie
39%
Sort permettant d'effacer la mémoireOubliettes
39%
Prénom du professeur QuirrellQuirinus
38%
Patronus de TonksLoup
35%
Cours enseignés par le professeur BurbageEtude des moldus
33%
Sort permettant de créer un patronusSpero patronum
33%
Sort permettant de rendre une personne inconscienteStupefix
32%
Incantation permettant de "fermer" la carte du maraudeurMéfait accompli
32%
Note aux B.U.S.E. : OOptimal
31%
Note aux B.U.S.E. : TTroll
30%
Nom de famille de ErnieMacMillan
29%
Potion permettant aux loups-garous d'avoir un contrôle sur eux-mêmeAconit (ou tue-loup)
27%
Incantation permettant d'"ouvrir" la carte du maraudeurJe jure solennellement que mes intentions sont mauvaises
27%
Nom du premier hibou de RonCoquecigrue
26%
Métier de Mme RosmertaPatronne du pub Les 3 balais
26%
Nom complet du professeur DumbledoreAlbus Perceval Wulfric Brian Dumbledore
26%
Sort permettant d'émettre un jet d'eauAguamenti
25%
Nom de famille de DedalusDiggle
24%
Note aux B.U.S.E. : AAcceptable
21%
Dragon combattu par HarryMagyar à pointes
20%
Nom de famille de BerthaJorkins
20%
Adresse de la maison des Black12 square Grimmaurd
19%
Sort permettant de soulever une personne dans les airs, par les chevillesLevicorpus
19%
B.U.S.E.Brevet Universel de Sorcellerie Elementaire
19%
Nom de la boutique des frères WeasleyFarces pour sorciers facétieux
19%
Note aux B.U.S.E. : EEffort exceptionnel
18%
Sort permettant d'agrandir quelque choseAmplificatum
17%
Note aux B.U.S.E. : PPiètre
17%
Grand-mère de Neville LondubatAugusta Londubat
16%
Sort permettant d'immobiliser une personneImmobilus
16%
Sort permettant de mettre fin à un sortilègeFinite incantatem
15%
Dragon combattu par FleurVert Gallois
15%
Sort permettant de transfomer un objet en portoloinPortus
15%
Vrai nom de Nick-quasi-sans-têteSir Nicholas de Mimsy Porpington
15%
Sort permettant de nettoyer rapidementRecurvite
14%
S.A.L.ESociété d'Aide à la Libération des Elfes
14%
Nom de l'hippogriffe d'Hagrid après la mort de SiriusVendebout
13%
Dragon combattu par VikorBoutefeu chinois
13%
Note aux B.U.S.E. : DDésolant
12%
Sort qui rend confusConfundo
11%
Sort permettant de faire apparaître la marque des ténèbresMorsmordre
11%
Dragon combattu par CedricSuédois à museau court
10%
Sort permettant de créer des oiseauxAvis
9%
Potion permettant de faire repousser les osPoussos
9%
A.S.P.I.C.Accumulation de Sorcellerie Particulièrement intensive et Contraignante
4%
Sort permettant de révéler le dernier sort jetéPrior incantatum
3%

Distribution des résultats

Percentile par nombre de réponses

% des personnes avec chaque résultat

Votre développement - résultats

Vous n’avez pas pris ce quiz depuis la dernière actualisation